| 000 | 00660nam a22002057a 4500 | ||
|---|---|---|---|
| 005 | 20240926052806.0 | ||
| 008 | 240926b |||||||| |||| 00| 0 eng d | ||
| 020 | _a9789355647238 | ||
| 040 |
_aIN-DiNC _cIN-DiNC |
||
| 041 | _deng | ||
| 082 |
_a030 _bGUI |
||
| 245 |
_aGuide to SSC CHSL (10+2): _bDEO, LDC & Postal or Sorting Assistant exam tier I & II with previous year questions & 3 online practice sets/ _cn.a. |
||
| 260 |
_aNew Delhi: _bDisha publication, _cn.a. |
||
| 300 | _aD-170p. | ||
| 650 | _aGeneral intelligence & reasoning | ||
| 650 | _aQuantitative aptitude | ||
| 650 | _aEnglish language | ||
| 650 | _aGeneral awareness | ||
| 942 |
_2ddc _cBK |
||
| 999 |
_c11991 _d11991 |
||